00350nam a2200109Ia 4500008004100000082000800041100002200049245005100071942000600122952009700128999001500225240331s9999 xx 000 0 und d bABE aAbeysinghe, Ariya 4aThe accelerated Mahaweli development programme cL 001040708LaWERCLbWERCLcSSCd2024-03-31l0o 307.72 ABEp387r2024-03-31w2024-03-31yL c2219d2219